LIBRARY & INFORMATION CENTRE, KCAET, TAVANUR

ONLINE PUBLIC ACCESS CATALOGUE (OPAC)

A text book of fluid mechanics and hydraulic machines / (Record no. 15466)

MARC details
000 -LEADER
fixed length control field 00325nam a22001217a 4500
020 ## - INTERNATIONAL STANDARD BOOK NUMBER
ISBN 9788131808153
082 ## - DEWEY DECIMAL CLASSIFICATION NUMBER
Classification number 532
Item number BAN/TE
100 ## - MAIN ENTRY--AUTHOR NAME
Personal name Bansal,R.K.
245 ## - TITLE STATEMENT
Title A text book of fluid mechanics and hydraulic machines /
260 ## - PUBLICATION, DISTRIBUTION, ETC. (IMPRINT)
Place of publication New delhi ;
Name of publisher Laxmi publications (p)ltd ,
Year of publication 2017.
300 ## - PHYSICAL DESCRIPTION
Number of Pages 1094p.
942 ## - ADDED ENTRY ELEMENTS (KOHA)
Koha item type Books
Holdings
Withdrawn status Lost status Damaged status Home library Current library Date acquired Cost, normal purchase price Full call number Accession Number Koha item type Collection code Shelving location Source of acquisition
      KAUAET KAUAET 29/06/2018 650.00 532 BAN/TE 25608 Books      
      KAUAET KAUAET 29/06/2018 650.00 532 BAN/TE 25609 Books      
      KAUAET KAUAET 29/06/2018 650.00 532 BAN/TE 25610 Books      
      KAUAET KAUAET 25/03/2023 749.00 532 BAN/TE 26184 Books General Books General Stacks EEDEEYOU, Manjeri
free website counter